Statistiche per Comuni del Friuli-Venezia Giulia

Clicka qui per fare il quiz!

Statistiche generali

  • Questo quiz è stato fatto 943 volte
  • Il punteggio medio è 121 su 215

Risposte nella Mappa

Le risposte nella mappa del quiz sottostante sono codificate secondo una scala di colori dal rosso al verde in base alla % di persone che hanno risposto correttamente.
 

Statistiche sulle risposte

Comune% Corretto
Trieste/Trst
95%
Udine
94%
Gorizia/Gorica
93%
Pordenone
92%
Grado
88%
Lignano Sabbiadoro
88%
Tarvisio/Trbiž
84%
Latisana
80%
Monfalcone/Tržič
80%
Aquileia
79%
Codroipo
76%
Muggia/Milje
76%
Palmanova
76%
Gemona del Friuli
75%
Cividale del Friuli/Čedad
74%
Tolmezzo
74%
Sacile
73%
San Daniele del Friuli
73%
San Vito al Tagliamento
73%
San Vito al Torre
73%
San Vito di Fagagna
73%
San Giorgio della Richinvelda
72%
San Giorgio di Nogaro
72%
Duino-Aurisina/Devin-Nabrežina
71%
Sappada
71%
Aviano
70%
Erto e Casso
70%
Azzano Decimo
69%
Forni di Sopra
69%
Cordenons
68%
Cervignano del Friuli
67%
Forni di Sotto
67%
Casarsa della Delizia
66%
Gradisca d’Isonzo
66%
Cormons/Krmin
65%
Maniago
65%
Ronchi dei Legionari/Ronke
65%
Barcis
64%
Pasian di Prato
64%
Porcia
64%
San Giovanni al Natisone
64%
Spilimbergo
64%
Tarcento
64%
Forni Avoltri
63%
Marano Lagunare
63%
Sauris
62%
Vajont
62%
Ampezzo
61%
Fagagna
61%
Fiume Veneto
61%
Fontanafredda
61%
Manzano
61%
Martignacco
61%
Pontebba
61%
Zoppola
61%
Aiello del Friuli
60%
Buttrio
60%
Fogliano-Redipuglia
60%
Osoppo
60%
Amaro
59%
Attimis/Ahten
59%
Campoformido
59%
Cimolais
59%
Nimis/Neme
59%
Ovaro
59%
Palazzolo dello Stella
59%
Prata di Pordenone
59%
San Dorligo della Valle/Dolina
59%
Tramonti di Sopra
59%
Tricesimo
59%
Brugnera
58%
Claut
58%
Dignano
58%
Fiumicello-Villa Vicentina
58%
Gonars
58%
Moggio Udinese
58%
Paluzza
58%
Remanzacco
58%
Rivignano-Teor
58%
Tavagnacco
58%
Tramonti di Sotto
58%
Buia
57%
Carlino
57%
Majano
57%
Muzzana del Turgnano
57%
Paularo
57%
Pradamano
57%
Torviscosa
57%
Villesse
57%
Arta Terme
56%
Artegna
56%
Caneva
56%
Cavazzo Carnico
56%
Faedis/Fojda
56%
Malborghetto-Valbruna/Naborjet-Ovčja
56%
Mortegliano
56%
San Pietro al Natisone/Špeter Slovenov
56%
Basiliano
55%
Chions
55%
Chiusaforte
55%
Precenicco
55%
San Martino al Tagliamento
55%
Sesto al Reghena
55%
Andreis
54%
Budoia
54%
Pasiano di Pordenone
54%
Polcenigo
54%
Pravisdomini
54%
Resia/Rezija
54%
Terzo d’Aquileia
54%
Castions di Strada
53%
Cordovado
53%
Dolegna del Collio
53%
Enemonzo
53%
Morsano al Tagliamento
53%
Pavia di Udine
53%
Pozzuolo del Friuli
53%
Prato Carnico
53%
Ravascletto
53%
Sequals
53%
Trasaghis
53%
Treppo Ligosullo
53%
Varmo
53%
Venzone
53%
Villa Santina
53%
Zuglio
53%
Bertiolo
52%
Camino al Tagliamento
52%
Dogna
52%
Lestizza
52%
Mereto di Tomba
52%
Resiutta
52%
Roveredo in Piano
52%
San Quirino
52%
Sedegliano
52%
Bagnaria Arsa
51%
Flaibano
51%
Pocenia
51%
Povoletto
51%
Premariacco
51%
Reana del Rojale
51%
Romans d’Isonzo
51%
Ruda
51%
Santa Maria la Longa
51%
Treppo Grande
51%
Verzegnis
51%
Vivaro
51%
Bordano
50%
Colloredo di Monte Albano
50%
Lusevera/Bardo
50%
Moimacco
50%
Monrupino/Repentabor
50%
Montereale Valcellina
50%
Moruzzo
50%
San Lorenzo Isontino
50%
San Pier d’Isonzo
50%
Sgonico/Zgonik
50%
Sutrio
50%
Valvasone-Arzene
50%
Bicinicco
49%
Corno di Rosazzo
49%
Ronchis
49%
Sagrado/Zagraj
49%
San Canzian d’Isonzo
49%
Talmassons
49%
Arba
48%
Capriva del Friuli
48%
Doberdò del Lago/Doberdob
48%
Pagnacco
48%
San Leonardo/Svet Lienart-Podutana
48%
Staranzano
48%
Cassacco
47%
Cavasso Nuovo
47%
Farra d’Isonzo
47%
Forgaria nel Friuli
47%
Frisanco
47%
Mariano del Friuli
47%
Meduno
47%
Porpetto
47%
Prepotto/Prapotno
47%
Rigolato
47%
Rive d’Arcano
47%
San Floriano del Collio/Števerjan
47%
Taipana/Tipana
47%
Cercivento
46%
Comeglians
46%
Coseano
46%
Drenchia/Dreka
46%
Ragogna
46%
Savogna d’Isonzo/Sovodnje ob Soči
46%
Savogna/Sovodnje
46%
Castelnovo del Friuli
45%
Clauzetto
45%
Fanna
45%
Raveo
45%
Travesio
45%
Trivignano Udinese
45%
Lauco
44%
Pinzano al Tagliamento
44%
Visco
44%
Mossa
43%
Preone
43%
Pulfero/Podbonesec
43%
Stregna/Srednje
43%
Turriaco
43%
Vito d’Asio
43%
Campolongo-Tapogliano
42%
Magnano in Riviera
42%
Socchieve
42%
Chiopris-Viscone
41%
Medea
41%
Montenars
41%
Moraro
41%
Grimacco/Garmak
40%
Torreano/Tavorjana
40%

Distribuzione punteggi

Percentile per numero di risposta

Percentuale di utenti per punteggio

I tuoi punteggi nel tempo

Non hai fatto questo quiz